00667nam a2200205 i 4500001000700000003000900007005001700016008004100033020001800074080001400092245010300106260002900209300002200238490001800260546003600278650004500314700001800359830001800377852006600395171102ES-MaACL20250818054521.0090428s1979 fr |||| | fre d a2-234-01063-2 a82(082.2)00aDon Juan b: mythe littéraire et musical : (recueil de textes) /cprésentation de Jean Massin. aParis : bStock, c1979. a726 p. ; c18 cm.1 aStock musique aTextos en francés e italiano. 7aDon Juan (Personaje de ficción)2embne1 aMassin, Jean.0 aStock musique4 aES-MaACLjE-12619 z. - Biblioteca Jacinto Martínez Lacalle